| 000 | 00823nac a22002171u 4500 | ||
|---|---|---|---|
| 008 | 120329s2002 ii|||||r|||| 001 0 eng d | ||
| 010 | _a 94047300 | ||
| 020 | _a026208239X | ||
| 020 | _a8120313569 | ||
| 082 | 0 | 0 |
_a006.3 _bHAS |
| 100 |
_aHassoun, Mohamad H. _929501 |
||
| 245 | 1 | 0 |
_aFundamentals of Artificial Neural Networks / _cMohamad H. Hassoun. |
| 246 | 3 | 0 | _aArtificial neural networks |
| 260 |
_aNew Delhi : _bPrentice Hall of India, _c2002. |
||
| 300 |
_axxvi, 511 p. : _bill. ; _c24 cm. |
||
| 500 | _aIncludes index. | ||
| 650 | 0 |
_aNeural networks (Computer science) _929502 |
|
| 650 | 0 |
_aArtificial intelligence. _929503 |
|
| 942 |
_cBB _k006.3 HAS _2ddc |
||
| 999 |
_c645 _d645 |
||